00356pab a2200121 454500008004000000100001400040245008300054260000900137300001200146362001500158650004100173773002000214180718b1989 xxu||||| |||| 00| 0 eng d aOni, I.O. aThe significance and prospects of stable civil - military relations in Nigeria c1989 a193-213 aApr.-Sept. aCivil - Military Recations - Nigeria aIndia Quarterly